Born in Recife - Statistics

General Stats
  • This quiz has been taken 20 times
    7 since last reset
  • The average score is 3 of 5
Answer Stats
Hint Answer % Correct
Former footballer who played for Barcelona, Milan and the Brazilian national team 1972 Rivaldo
100%
Leading advoacte of critical pedagogy, "Pedagogy of the Oppressed" 1921 Paulo Freire
71%
Physicist who is particularly known for the theory of nuclear processes in the formation of supernova 1914 Mário Schenberg
43%
Former Canadian ice hockey player who played for the Calgary Flames and Buffalo Sabres 1980 Robyn Regehr
29%
Mathematician best known for a theorem in the area of complex analysis named after him 1922 Leopoldo Nachbin
14%
No matching quizzes found
Score Distribution
Percent of People with Each Score
Percentile by Number Answered
Your Score History
You have not taken this quiz since the last reset